00338 a2200133 450000100060000002000180000604000220002410000190004624000340006524500290009930000080012836200090013665000590014561137 a9783190079216 cAnchieta - Pituba aSpecht, Gisela10aBildwörterbuch deutschlpor10aBildwörterbuch deutsch a1720 a2010 4aLínguas germânicas (teutônicas) língua alemã